=LDR 00000nam 2200000 4500 =001 INLIS000000000000397 =005 20150311151407.0 =006 =007 =008 Ind =035 ##$$0010-061300000000397 =041 ##$$a Ind =082 ##$$a 780.7 =090 ##$$a 780.7 Ker =245 ##$$a Kerajinan tangan dan kesenian seni musik untuk SLTP kelas 1, 2 dan 3 =260 ##$$a Surakarta $b Pabelan $c 1996 =300 ##$$a ...jild. : ilus. ; 28 cm =650 ##$$a Musik =650 ##$$a Studi dan pengajaran =850 ##$$a NBPNMAT